| 000 | 01213nam a2200433 a 4500 | ||
|---|---|---|---|
| 003 | AR-BaBNM | ||
| 005 | 20251128205514.0 | ||
| 008 | 082120s2002 ||||||||||||||000 | spa|| | ||
| 020 | _a84-254-1892-5 | ||
| 040 | _cAR-BaBNM | ||
| 100 | 1 | _aBurns, Yvonne | |
| 245 | 0 | 0 |
_aEl síndrome de Down _bestimulación y actividad motora |
| 260 |
_aBarcelona _bHerder _c1995 |
||
| 300 |
_a300 p. _bil. |
||
| 490 | 0 |
_aResortes _vv. 4 |
|
| 500 | _aVocabulario: p. 269-270 | ||
| 504 | _aBibliografía: p. 271-300 | ||
| 650 | 4 | _aDESARROLLO MOTOR | |
| 650 | 4 | _aFORMACION DE HABITOS | |
| 650 | 4 | _aJUEGO | |
| 650 | 4 | _aEDUCACION ESPECIAL | |
| 650 | 4 | _aSINDROME DE DOWN | |
| 650 | 4 | _aDESARROLLO DEL NIÑO | |
| 650 | 4 | _aEDUCACION FISICA | |
| 650 | 4 | _aINFANCIA | |
| 650 | 4 | _aADOLESCENCIA | |
| 650 | 4 | _aVEJEZ | |
| 653 | _aEDUCACION INICIAL | ||
| 700 | 1 | _aGunn, Pat | |
| 700 | 1 |
_aPrice, Sue _ecolaborador |
|
| 700 | 1 |
_aKelso, Rose-Anne _ecolaborador |
|
| 700 | 1 |
_aMercer, Louise _ecolaborador |
|
| 700 | 1 |
_aJobling, Anne _ecolaborador |
|
| 700 | 1 |
_aZiviani, Jenny _ecolaborador |
|
| 700 | 1 |
_aBarhan, Pamela _ecolaborador |
|
| 700 | 1 |
_aMartínez Riu, Antonio _etraductor |
|
| 942 | _cBK | ||
| 998 | _cSILVI | ||
| 999 |
_c11668 _d11668 |
||